=LDR 00000nam 2200000 4500 =001 INLIS000000000045105 =005 20150310100956.0 =006 =007 =008 =020 ##$$a 978-979-29-1380-4 =035 ##$$0010-121400000000255 =040 ##$$a NBPDMAT =082 ##$$a 613.042 44 =090 ##$$a 613.042 44 $b Nuc p =100 ##$$a Nurheti Yuliarti =245 ##$$a Panduan lengkap olahraga bagi wanita hamil dan menyusui / $c oleh Nurheti Yuliarti =260 ##$$a Yogyakarta : $b Andi, $c 2010 =300 ##$$a xii, 91 hlm. : $b ilus. ; $c 21 cm =650 ##$$a Wanita-kesehatan =990 ##$$a 0001/BPAP-NTB/20142014 =990 ##$$a 0001/BPAP-NTB/20142014 =990 ##$$a 0001/BPAP-NTB/20142014 =990 ##$$a 0001/BPAP-NTB/20142014